路線名 一覧クイズ 群馬県 - Statistics

General Stats
  • This quiz has been taken 245 times
  • The average score is 13 of 16
Answer Stats
事業者名 答え 区間 % Correct
JR東日本 高崎線 新町~高崎
98%
JR東日本 上越線 高崎~土合
96%
JR東日本 両毛線 新前橋~桐生
95%
東武鉄道 伊勢崎線 川俣~多々良・韮川~伊勢崎
95%
JR東日本 上越新幹線 高崎~上毛高原
91%
JR東日本 北陸新幹線 高崎~安中榛名
89%
JR東日本 信越本線 高崎~横川
87%
JR東日本 八高線 群馬藤岡~倉賀野
85%
JR東日本 吾妻線 渋川~大前
82%
東武鉄道 桐生線 太田~赤城
74%
東武鉄道 佐野線 渡瀬
73%
東武鉄道 小泉線 館林~西小泉・東小泉~太田
71%
中小私鉄-1 上信線(上信電鉄) 高崎~下仁田
68%
東武鉄道 日光線 板倉東洋大前
67%
中小私鉄-2 上毛線(上毛電気鉄道) 中央前橋~西桐生
64%
三セク わたらせ渓谷線(わたらせ渓谷鉄道) 桐生~沢入
64%
No matching quizzes found
Score Distribution
Percent of People with Each Score
Percentile by Number Answered
Your Score History
You have not taken this quiz